000 00530nam a2200205Ia 4500
003 OSt
005 20220927105014.0
006 a|||||r|||| 00| 0
007 ta
008 220926b |||||||| |||| 00| 0 eng d
024 _a153302
037 _cReference Collections
040 _aRTL
_cRTL
_beng
041 _2eng
_aeng
082 _a"14:473:Moom:1, L1/BB"
245 0 _aLibrary of congress catalog
260 _c1971
942 _h"14:473:Moom:1, L1/BB"
_cCC
999 _c690131
_d690131